00941nam a2200205 a 450000100100000000500170001000800410002702000180006804000250008624500910011126000350020230000270023750400280026470000380029271000520033095201200038295201050050295201110060799900170071800004593720240307073942.0150602s2015 dr a 000 0 spa d a9789945472462 aDO-SdBNPbspacBNPHU00aIngeniería civil :bseminario primera jornada 2014 /ccoordinador Tulio Rodríguez. aSanto Domingo :bINTEC,c2015. a86 p. :bil. ;c23 cm. aBibliografía p: 84-851 aRodríguez, Tulioecoord.9740092 aInstituto Tecnológico de Santo Domingo978911 001054708DSaGRbGRcHDd2015-06-02iLF1l0o p45937-30r2020-06-25te. 3w2020-06-25yLFDSZPréstamo en sala 0010718PDaPDbPDcHDd2015-06-02iLF1l0o p45937-10r2020-06-25w2020-06-25yLFPDZNo se presta 0010718PDaPDbPDcHDd2015-06-02iLF1l0o p45937-20r2020-06-25te. 2w2020-06-25yLFPDZNo se presta c45426d45426